| 000 | 00553nam a22001457a 4500 | ||
|---|---|---|---|
| 003 | MACL | ||
| 005 | 20200717153122.0 | ||
| 008 | 200717b xxu||||| |||| 00| 0 eng d | ||
| 040 | _cMACL | ||
| 100 |
_aबिसारिया,डॉ. राकेश कुमार _979071 |
||
| 245 | _aलखनऊ मण्डल में 1857 का स्वतंत्रता संग्राम | ||
| 260 |
_aलखनऊ _bभारत बुूक सेंटर _c2018 |
||
| 650 |
_aभारतीय इतिहास _931578 |
||
| 942 |
_2ddc _cHIN |
||
| 999 |
_c62704 _d62704 |
||